| 000 | 00654nam a22002057a 4500 | ||
|---|---|---|---|
| 001 | 002145089 | ||
| 003 | DO-SdBNP | ||
| 005 | 20180216092210.0 | ||
| 007 | 002145089 | ||
| 008 | 161205b 1987 cu a ||||| |||| 00| 0 spa d | ||
| 040 |
_aBPMSU _bspa _cBPMSU |
||
| 100 | 1 | _aBallagas, Emilio | |
| 245 | 1 | 0 |
_aCazador de colores / _cEmilio Ballagas ; selección y prólogo, Waldo González López. |
| 260 |
_aCuidad de la Habana, Cuba : _bGente Nueva, _c1987. |
||
| 300 |
_a71 p. : _bil. ; _c17cm. |
||
| 700 | 1 | 2 |
_aGonzález López, Waldo, _epról. |
| 942 |
_2ddc _cBK |
||
| 945 | _aInventariado, 2018/MFF | ||
| 956 |
_2LOPEREZ _310 _620161205 _8BPMSU _a00041 |
||
| 999 |
_c12260 _d12260 |
||